New dictionary of the history of ideas

From abolitionism to Zionism, this encyclopedia clarifies the intellectual history of more than 750 complex ideas of concern to people today. Like its classic predecessor, the Dictionary of the History of Ideas (1973), this new set covers core Western ideas, while expanding its coverage to include t...

全面介紹

Đã lưu trong:
書目詳細資料
主要作者: Horowitz, Maryanne Cline
格式: 圖書
語言:Undetermined
出版: New York Charles Scribner’s Sons 2005
主題:
標簽: 添加標簽
沒有標簽, 成為第一個標記此記錄!
Thư viện lưu trữ: Trung tâm Học liệu Trường Đại học Cần Thơ
LEADER 01187nam a2200217Ia 4500
001 CTU_129322
008 210402s9999 xx 000 0 und d
020 |c 2477000 
082 |a 903 
082 |b H811/Vol.1 
100 |a Horowitz, Maryanne Cline 
245 0 |a New dictionary of the history of ideas 
245 0 |c Maryanne Cline Horowitz 
260 |a New York 
260 |b Charles Scribner’s Sons 
260 |c 2005 
520 |a From abolitionism to Zionism, this encyclopedia clarifies the intellectual history of more than 750 complex ideas of concern to people today. Like its classic predecessor, the Dictionary of the History of Ideas (1973), this new set covers core Western ideas, while expanding its coverage to include the ’global perspectives and gender-inclusive’ concepts that have evolved in the past 30 years. Reader’s guides, cross-references, sidebars, and an index aid the reader in understanding the way ideas combine with other ideas."--"Reference that rocks," American Libraries, May 2005. 
650 |a Civilization,Intellectual life 
650 |x History,History 
904 |i Nguyên 
980 |a Trung tâm Học liệu Trường Đại học Cần Thơ